Some studies of economics changes /

Uloženo v:
Podrobná bibliografie
Další autoři: Karlovitz, Tibor János (Editor)
Médium: Kniha
Jazyk:angličtina
Vydáno: Komárno : International Research Institute, 2016
Témata:
ISBN:9788089691272
On-line přístup: Získat plný text
Tagy: Přidat tag
Žádné tagy, Buďte první, kdo vytvoří štítek k tomuto záznamu!

MARC

LEADER 00000nam a2200000 4500
003 SK-BrCVT
005 20220621181422.0
006 ad e 000 0
008 160209s2016 xo d e 000 0eng#d
020 |a 9788089691272   |q (brož.) 
035 |a CVTIDW0056363 
040 |a CVTISR  |b slo  |c CVTISR  |e AACR2 
041 0 |a eng  |b eng 
044 |a xo  |c SK 
080 |a 330  |2 2008 
080 |a 811.111  |2 2008 
245 0 0 |a Some studies of economics changes /  |c edited by: János Tibor Karlovitz 
260 |a Komárno :  |b International Research Institute,  |c 2016 
300 |a 271 s. :  |b grafy, lit., tab. ;  |c 21 cm 
653 1 |a ekonómia 
653 1 |a ekonomika 
653 1 |a ekonomická zmena 
653 1 |a angličtina 
653 1 |a anglický jazyk 
655 7 |a zborníky  |2 SNKPH 
700 1 |a Karlovitz, Tibor János  |4 edt 
852 |a CVTISR  |b 1 
910 |b A623278 
919 |a 978-80-89691-27-2 
959 |a 03 
974 |a katarina.repata  |f Knihy 
992 |a AZN 
999 |c 250462  |d 250462